000 00307nam a22001337a 4500
008 170911b xxu||||| |||| 00| 0 eng d
020 _a9780061196669
041 _aeng
080 _a52
100 _a42
101 _aAST
245 _aSMITHSONIAN INTIMATE GUIDE TO THE COSMOS
_cBERRY, D
942 _2udc
_cBK
999 _c27022
_d27022